[Event "FICGS__CHESS__CLASS_F__000125"]
[Site "FICGS"]
[Date "2013.03.01"]
[Round "1"]
[White "Melquiades, Jay"]
[Black "Kehayov, Yulian"]
[Result "0-1"]
[WhiteElo "984"]
[BlackElo "1167"]
[PlyCount "60"]
[EventDate "2013.??.??"]

1. e4 e5 2. Nf3 Nc6 3. c3 Nf6 4. d3 Bc5 5. d4 exd4 6. cxd4 Bb4+ 7. Bd2 Bxd2+ 8.
Nbxd2 O-O 9. h3 d5 10. Ne5 Nxe4 11. Nxe4 dxe4 12. Nxc6 bxc6 13. Bc4 Re8 14. Qb3
Be6 15. O-O-O Qg5+ 16. Kb1 Qxg2 17. Bxe6 Rxe6 18. d5 cxd5 19. Qxd5 Rae8 20.
Rhg1 Qxf2 21. Qg5 Rg6 22. Qb5 Rf8 23. Rgf1 Qg2 24. Rg1 Qxh3 25. Rh1 Qe6 26. Qh5
h6 27. Qc5 e3 28. Rde1 Qe4+ 29. Ka1 Rf6 30. Rxe3 Qxh1+ 0-1

[Event "I Trofeo Antica Scuola Napoletana B"]
[Site "Napoli ITA"]
[Date "2013.02.28"]
[Round "1"]
[White "De Vero, Vincenzo"]
[Black "Fornario, Gianluca"]
[Result "0-1"]
[WhiteElo "1422"]
[BlackElo "1470"]
[PlyCount "136"]
[EventDate "2013.02.28"]
[SourceTitle "OM OTB B 201907"]
[Source "Opening Master"]
[SourceDate "2019.07.06"]
[SourceVersion "2"]
[SourceVersionDate "2019.07.06"]
[SourceQuality "1"]

1. e4 e5 2. Nf3 Nc6 3. c3 a6 4. Bc4 Bc5 5. Qe2 d6 6. d3 h6 7. Be3 Bxe3 8. Qxe3
Nf6 9. h3 O-O 10. Nbd2 Na5 11. Nh4 Nxc4 12. Nxc4 Be6 13. Nf5 Nh7 14. O-O-O b5
15. Na5 Bxa2 16. Rd2 Be6 17. g4 Qg5 18. Qe2 g6 19. h4 Qf4 20. Ne7+ Kg7 21. f3
c5 22. Nec6 Rfc8 23. h5 g5 24. Kb1 Rc7 25. Rc1 Rac8 26. c4 Rxc6 27. Nxc6 Rxc6
28. b3 b4 29. Ra2 Nf6 30. Ra5 Ne8 31. Rc2 Nc7 32. Rc1 Bc8 33. Rf1 Ne6 34. Qa2
Nd4 35. Qb2 Bxg4 36. Qc1 Qxc1+ 37. Kxc1 Nxb3+ 38. Kb2 Nxa5 39. fxg4 Rc7 40. Ra1
Nb7 41. Rxa6 Kf6 42. Ra7 Ke6 43. Ra8 Kf6 44. Ra1 Nd8 45. Rf1+ Ke7 46. Ra1 Nc6
47. Ra8 Kf6 48. Kb3 Ra7 49. Rc8 Nd4+ 50. Kb2 Ra6 51. Rh8 Kg7 52. Rd8 Nf3 53.
Rb8 Nh2 54. Kc2 Nxg4 55. Kd2 Nf6 56. Ke2 Nxh5 57. Kf2 Nf4 58. Kg3 h5 59. Rb5
Nxd3 60. Kg2 Nb2 61. Kg3 Nxc4 62. Kh2 Rb6 63. Ra5 Nxa5 64. Kg3 b3 65. Kg2 b2
66. Kh2 b1=Q 67. Kg3 Rb3+ 68. Kf2 Qa2+ 0-1

[Event "FICGS__CHESS__RAPID_E__000098"]
[Site "FICGS"]
[Date "2013.02.27"]
[Round "1"]
[White "Melquiades, Jay"]
[Black "Dsouza, Stanislaus"]
[Result "0-1"]
[WhiteElo "984"]
[BlackElo "580"]
[PlyCount "56"]
[EventDate "2013.??.??"]
[EventType "rapid"]

1. e4 e5 2. Nf3 Nc6 3. c3 Bc5 4. d4 exd4 5. cxd4 Bb6 6. Bb5 h6 7. Ne5 Nxe5 8.
dxe5 a6 9. Bc4 d6 10. Qf3 Be6 11. Bxe6 fxe6 12. Be3 Bxe3 13. fxe3 dxe5 14. Qh5+
Kd7 15. Nc3 Kc8 16. O-O Nf6 17. Qg6 Kb8 18. Rac1 Ka7 19. Rfd1 Qe7 20. Na4 c6
21. Nc5 Rad8 22. Nd3 Nd7 23. Qg3 Qg5 24. Qxg5 hxg5 25. Nxe5 Nxe5 26. Rxd8 Rxd8
27. Rc5 Nd3 28. Rc3 Nxb2 0-1

[Event "Remote S5E No Engine email"]
[Site "Remote email"]
[Date "2013.02.26"]
[Round "?"]
[White "Tortoza, Carlos Alberto"]
[Black "Witt, Monika"]
[Result "0-1"]
[WhiteElo "1656"]
[BlackElo "1428"]
[PlyCount "142"]
[EventDate "2013.??.??"]
[EventType "tourn (corr)"]
[EventRounds "6"]
[EventCountry "GER"]
[SourceTitle "OM Corr 202003"]
[Source "Opening Master"]
[SourceDate "2019.05.30"]
[SourceVersion "2"]
[SourceVersionDate "2019.05.30"]
[SourceQuality "1"]

1. e4 e5 2. Nf3 Nc6 3. c3 a6 4. d4 h6 5. dxe5 Bc5 6. Bc4 Nge7 7. O-O O-O 8. Bf4
Na5 9. Bd3 Ng6 10. Bg3 Nc6 11. b4 Be7 12. Nbd2 b5 13. Qb3 d6 14. exd6 cxd6 15.
h3 Be6 16. c4 Qb6 17. Rad1 Nge5 18. Nxe5 dxe5 19. c5 Qb7 20. f4 Bxb3 21. Nxb3
Nxb4 22. Bb1 f5 23. Rfe1 Nc6 24. exf5 a5 25. Bh2 Bh4 26. g3 Bf6 27. Be4 Qc7 28.
fxe5 Bxe5 29. Re2 Bxg3 30. Rf1 Qe5 31. Bxg3 Qxg3+ 32. Rg2 Qc7 33. Nd4 Nxd4 34.
f6 g5 35. Bxa8 Rxa8 36. h4 Qxc5 37. hxg5 Ne6+ 38. Kh1 hxg5 39. f7+ Kf8 40. Rh2
Qd5+ 41. Kg1 Qd4+ 42. Rff2 Qg4+ 43. Kf1 Rd8 44. Rh8+ Ke7 45. Rxd8 Kxd8 46.
f8=Q+ Nxf8 47. Rxf8+ Ke7 48. Rf2 b4 49. Re2+ Kd6 50. Rd2+ Ke5 51. Re2+ Kd4 52.
Rd2+ Kc3 53. Re2 Kd3 54. Rf2 Qh3+ 55. Kg1 a4 56. Rh2 Qe3+ 57. Rf2 g4 58. Kg2
Qh3+ 59. Kg1 g3 60. Rg2 Qh4 61. a3 bxa3 62. Ra2 Qd4+ 63. Kg2 Qd5+ 64. Kxg3 Qxa2
65. Kf4 Qf7+ 66. Ke5 a2 67. Kd6 a1=Q 68. Kc6 Qc3+ 69. Kb5 a3 70. Ka4 a2 71. Kb5
Qb7+ 0-1

[Event "corr freechess"]
[Site "freechess.de"]
[Date "2013.02.25"]
[Round "?"]
[White "Kevekordes, Peter"]
[Black "Veselcic, Antonio"]
[Result "1-0"]
[WhiteElo "2199"]
[BlackElo "1309"]
[PlyCount "47"]
[EventDate "2013.??.??"]
[EventType "tourn (corr)"]
[SourceTitle "OM Corr 202003"]
[Source "Opening Master"]
[SourceDate "2019.05.30"]
[SourceVersion "2"]
[SourceVersionDate "2019.05.30"]
[SourceQuality "1"]

1. e4 e5 2. Nf3 Nc6 3. c3 Nf6 4. d4 d6 5. Bd3 Bg4 6. d5 Nb8 7. h3 Bxf3 8. Qxf3
g6 9. O-O Bg7 10. Be3 c6 11. c4 c5 12. Nc3 a6 13. a3 Qb6 14. b4 O-O 15. bxc5
dxc5 16. Na4 Qd8 17. Bxc5 Re8 18. Be3 Nbd7 19. c5 Rc8 20. Rfc1 Qa5 21. Qd1 Bf8
22. c6 bxc6 23. dxc6 Nb8 24. Bb6 1-0

[Event "South America-ch U20"]
[Site "Asuncion"]
[Date "2013.02.24"]
[Round "9.3"]
[White "Ismayilzada, Ismayil Tariel"]
[Black "Gudkov, Gennady I"]
[Result "0-1"]
[WhiteElo "2221"]
[BlackElo "2173"]
[PlyCount "140"]
[EventDate "2013.05.17"]
[EventType "swiss"]
[EventRounds "9"]
[EventCountry "PAR"]
[SourceTitle "EXT 2014"]
[Source "ChessBase"]
[SourceDate "2013.11.20"]
[SourceVersion "1"]
[SourceVersionDate "2013.11.20"]
[SourceQuality "1"]

1. e4 e5 2. Nf3 Nc6 3. c3 d5 4. Qa4 Qd6 5. d3 Bd7 6. Qc2 Nf6 7. Be2 Be7 8. b4
a6 9. Nbd2 O-O 10. a4 b5 11. Nb3 Bg4 12. Nc5 d4 13. Bd2 Bxf3 14. Bxf3 Nd7 15.
Nxd7 Qxd7 16. Rb1 dxc3 17. Bxc3 Rfd8 18. Be2 Nd4 19. Bxd4 Qxd4 20. O-O bxa4 21.
Qxc7 Bxb4 22. Rfc1 a5 23. Rc4 Qd6 24. Qxd6 Rxd6 25. Bd1 a3 26. Bc2 Rdd8 27. Kf1
Rac8 28. Bb3 Rxc4 29. Bxc4 Kf8 30. Ke2 Rc8 31. Ra1 Bc5 32. Ra2 Rb8 33. h3 Ke7
34. Kd1 Rb1+ 35. Ke2 f6 36. Kf3 Kd6 37. g3 Rc1 38. Ke2 Bb4 39. Kf3 Kc5 40. Bg8
h6 41. Kg4 Kd4 42. Kf5 Kxd3 43. Kg6 Rc7 44. Bd5 a4 45. h4 Bf8 46. h5 Rc2 47.
Ra1 Ke2 48. Kf7 Rc8 49. Ra2+ Kd3 50. Be6 Rb8 51. Bd5 Kc3 52. f4 Kd4 53. Bc6 Ke3
54. f5 Kf3 55. Be8 Bc5 56. Bc6 Rc8 57. Bxa4 Rc7+ 58. Kg6 Kxe4 59. Rc2 Kf3 60.
Bb3 Kxg3 61. Bf7 e4 62. Kxg7 Bf8+ 63. Kxf8 Rxc2 64. Kg7 e3 65. Kxh6 e2 66. Kg7
e1=Q 67. h6 Rh2 68. h7 Kf4 69. h8=Q Rxh8 70. Kxh8 Kxf5 0-1

[Event "Reykjavik op"]
[Site "Reykjavik"]
[Date "2013.02.24"]
[Round "7"]
[White "Zumsande, Martin"]
[Black "Saduakassova, Dinara"]
[Result "1/2-1/2"]
[WhiteElo "2419"]
[BlackElo "2312"]
[PlyCount "212"]
[EventDate "2013.02.19"]
[EventType "swiss"]
[EventRounds "10"]
[EventCountry "ISL"]
[SourceTitle "CBM 153 Extra"]
[Source "ChessBase"]
[SourceDate "2013.04.22"]
[SourceVersion "1"]
[SourceVersionDate "2013.04.22"]
[SourceQuality "1"]

1. e4 e5 2. Nf3 Nc6 3. c3 d5 4. Qa4 dxe4 5. Nxe5 Qd5 6. Nxc6 bxc6 7. Bc4 Qd6 8.
O-O Nf6 9. d4 Be7 10. Re1 O-O 11. Nd2 Bf5 12. Be2 c5 13. Nc4 Qd7 14. Qxd7 Bxd7
15. dxc5 Bxc5 16. Be3 Be7 17. Ne5 Be6 18. Nc6 Bd6 19. Nd4 Bd7 20. Nb5 Be5 21.
Bd4 Bxd4 22. Nxd4 c5 23. Nb3 Rfc8 24. Na5 Rab8 25. b3 Be6 26. Rad1 Nd5 27. Bc4
Nxc3 28. Bxe6 fxe6 29. Rd7 Nxa2 30. Rxa7 Nc3 31. h3 Nb5 32. Re7 Rc7 33. Rxe6
Nd4 34. R6xe4 Ra8 35. Re8+ Rxe8 36. Rxe8+ Kf7 37. Re3 Re7 38. g3 Ra7 39. Nc4
Ra1+ 40. Kg2 Rb1 41. Na5 h5 42. h4 g6 43. Rc3 Kf6 44. Rxc5 Nxb3 45. Rc6+ Kg7
46. Nb7 Rc1 47. Rd6 Nc5 48. Nd8 Rc3 49. Rc6 Ne4 50. Re6 Rc8 51. Nc6 Nf6 52. Nd4
Rd8 53. Nf3 Re8 54. Ra6 Re7 55. Ng5 Rd7 56. Ne6+ Kf7 57. Nf4 Rd2 58. Ra7+ Rd7
59. Ra5 Rd2 60. Kf3 Ng4 61. Nh3 Kg7 62. Ra4 Rb2 63. Rf4 Ne5+ 64. Kg2 Nd3 65.
Re4 Kf6 66. Re3 Ne5 67. Ng5 Rc2 68. Ne4+ Kg7 69. Ra3 Rc7 70. Ra6 Ng4 71. Ra2
Re7 72. f3 Ne5 73. Ng5 Nf7 74. Nh3 Nd8 75. Kf2 Nf7 76. Nf4 Rd7 77. Ra5 Kf6 78.
Nxh5+ gxh5 79. Rxh5 Ne5 80. g4 Rd5 81. Kg3 Rc5 82. Rf5+ Kg7 83. g5 Ra5 84. Rf6
Rb5 85. h5 Rc5 86. f4 Rc3+ 87. Kh4 Nf3+ 88. Kg4 Nh2+ 89. Kf5 Rc5+ 90. Ke4 Ng4
91. h6+ Kg8 92. Rg6+ Kh7 93. Rg7+ Kh8 94. Kf3 Nxh6 95. gxh6 Rc6 96. Rg1 Rxh6
97. Ke4 Ra6 98. f5 Ra4+ 99. Ke5 Ra5+ 100. Ke6 Ra6+ 101. Kf7 Ra7+ 102. Kf6 Ra6+
103. Kg5 Kg7 104. Rb1 Kf7 105. Rb7+ Kf8 106. f6 Ra1 1/2-1/2

[Event "SB-2013-0-00292"]
[Site "Lechenicher SchachServer"]
[Date "2013.02.24"]
[Round "?"]
[White "Quinones Borda, Jorge Victor"]
[Black "Vasquez, Gerardo"]
[Result "1-0"]
[WhiteElo "1976"]
[BlackElo "1967"]
[PlyCount "33"]
[EventDate "2013.02.09"]
[EventType "swiss"]
[SourceTitle "OM Corr 202003"]
[Source "Opening Master"]
[SourceDate "2019.05.30"]
[SourceVersion "2"]
[SourceVersionDate "2019.05.30"]
[SourceQuality "1"]

1. e4 e5 2. Nf3 Nc6 3. c3 d5 4. Qa4 f6 5. Bb5 Nge7 6. exd5 Qxd5 7. O-O e4 8. c4
Qd6 9. c5 Qxc5 10. d4 Qb6 11. d5 a6 12. Nc3 exf3 13. dxc6 bxc6 14. Bc4 fxg2 15.
Re1 Bd7 16. b4 Qb7 17. Bf4 1-0

[Event "Catalunya-chT Honor"]
[Site "Catalunya"]
[Date "2013.02.23"]
[Round "6.7"]
[White "Pueyo Burrel, David"]
[Black "Rodriguez Vargas, Orestes"]
[Result "1/2-1/2"]
[WhiteElo "2175"]
[BlackElo "2378"]
[PlyCount "79"]
[EventDate "2013.01.19"]
[EventType "team-tourn"]
[EventRounds "11"]
[EventCountry "ESP"]
[SourceTitle "EXT 2014"]
[Source "ChessBase"]
[SourceDate "2013.11.20"]
[SourceVersion "1"]
[SourceVersionDate "2013.11.20"]
[SourceQuality "1"]
[WhiteTeam "Sant Andreu"]
[BlackTeam "Barcelona Uga"]
[WhiteTeamCountry "ESP"]
[BlackTeamCountry "ESP"]

1. e4 e5 2. Nf3 Nc6 3. c3 Nf6 4. d4 exd4 5. e5 Ne4 6. Qe2 f5 7. exf6 d5 8. Nxd4
Kf7 9. Nxc6 bxc6 10. Be3 Qxf6 11. Nd2 Nc5 12. Qf3 Bf5 13. Be2 Ne6 14. g4 Bg6
15. Qxf6+ gxf6 16. f4 f5 17. Bd3 Bc5 18. Bxc5 Nxc5 19. Bxf5 Bxf5 20. gxf5 Rae8+
21. Kf2 Ne4+ 22. Nxe4 Rxe4 23. Rae1 Rxf4+ 24. Ke3 Rh4 25. Kf3 Rd8 26. Re6 Rd6
27. Kg3 Ra4 28. Rhe1 Rxa2 29. Re7+ Kf6 30. Rxc7 Kxf5 31. Rxh7 Rg6+ 32. Kf3 Rxb2
33. Rxa7 Rh6 34. Rf7+ Kg6 35. Re6+ Kxf7 36. Rxh6 c5 37. Kf4 d4 38. cxd4 cxd4
39. Ke4 Rd2 40. Rd6 1/2-1/2

[Event "Catalunya-chT Honor"]
[Site "Catalunya"]
[Date "2013.02.23"]
[Round "6.4"]
[White "Ayas Fernandez, Antonio"]
[Black "Vives Esmerat, Jaume"]
[Result "1/2-1/2"]
[WhiteElo "2278"]
[BlackElo "2313"]
[PlyCount "100"]
[EventDate "2013.01.19"]
[EventType "team-tourn"]
[EventRounds "11"]
[EventCountry "ESP"]
[SourceTitle "EXT 2014"]
[Source "ChessBase"]
[SourceDate "2013.11.20"]
[SourceVersion "1"]
[SourceVersionDate "2013.11.20"]
[SourceQuality "1"]
[WhiteTeam "Sitges"]
[BlackTeam "Figueres"]
[WhiteTeamCountry "ESP"]
[BlackTeamCountry "ESP"]

1. e4 e5 2. Nf3 Nc6 3. c3 Nf6 4. d4 Nxe4 5. Bd3 d5 6. Nxe5 Nxe5 7. dxe5 Bc5 8.
Bxe4 dxe4 9. Qxd8+ Kxd8 10. Bf4 Ke7 11. Nd2 Bf5 12. O-O Rad8 13. Nb3 Bb6 14.
Bg5+ f6 15. exf6+ gxf6 16. Be3 Rd3 17. Rae1 Kf7 18. Nd4 Bg6 19. Nc2 Rhd8 20.
Nb4 R3d7 21. Bxb6 axb6 22. c4 Rd2 23. b3 c6 24. Rc1 e3 25. fxe3 Be4 26. Rf2
Rxf2 27. Kxf2 Rd2+ 28. Kg3 Rxg2+ 29. Kf4 Bg6 30. h3 Rf2+ 31. Kg3 Rd2 32. Kf4
Ke6 33. Rc3 Rd1 34. e4 Rf1+ 35. Rf3 Rxf3+ 36. Kxf3 Ke5 37. Nd3+ Kd4 38. Nf2 Kc3
39. Kf4 Kb2 40. Ng4 Kxa2 41. Nxf6 Kxb3 42. e5 Kxc4 43. e6 b5 44. h4 b4 45. h5
Bxh5 46. Nxh5 b3 47. e7 b2 48. e8=Q b1=Q 49. Qf7+ Kc5 50. Nf6 Qc1+ 1/2-1/2

[Event "ZI-2013-0-01549"]
[Site "Lechenicher SchachServer"]
[Date "2013.02.23"]
[Round "?"]
[White "Quinones Borda, Jorge Victor"]
[Black "Tylecek, Drahomir"]
[Result "1/2-1/2"]
[WhiteElo "1976"]
[BlackElo "1901"]
[PlyCount "57"]
[EventDate "2013.02.20"]
[EventType "match"]
[EventRounds "2"]
[SourceTitle "OM Corr 202003"]
[Source "Opening Master"]
[SourceDate "2019.05.30"]
[SourceVersion "2"]
[SourceVersionDate "2019.05.30"]
[SourceQuality "1"]

1. e4 e5 2. Nf3 Nc6 3. c3 d5 4. Qa4 Bd7 5. exd5 Nd4 6. Qd1 Nxf3+ 7. Qxf3 Nf6 8.
Bc4 e4 9. Qe2 Bd6 10. d4 O-O 11. Bg5 h6 12. Bh4 Re8 13. O-O Bf4 14. Na3 Rb8 15.
Nc2 g5 16. Bg3 Bg4 17. Qe1 b5 18. Bb3 Nxd5 19. Ne3 Be6 20. Nxd5 Bxd5 21. Bxf4
gxf4 22. Qd2 f3 23. gxf3 Rb6 24. fxe4 Bxe4 25. f3 Bb7 26. Bc2 Kf8 27. Rf2 Qg5+
28. Qxg5 hxg5 29. a3 1/2-1/2

[Event "Reykjavik op"]
[Site "Reykjavik"]
[Date "2013.02.22"]
[Round "5"]
[White "Zumsande, Martin"]
[Black "Halkias, Stelios"]
[Result "0-1"]
[WhiteElo "2419"]
[BlackElo "2566"]
[PlyCount "64"]
[EventDate "2013.02.19"]
[EventType "swiss"]
[EventRounds "10"]
[EventCountry "ISL"]
[SourceTitle "CBM 153 Extra"]
[Source "ChessBase"]
[SourceDate "2013.04.22"]
[SourceVersion "1"]
[SourceVersionDate "2013.04.22"]
[SourceQuality "1"]

1. e4 e5 2. Nf3 Nc6 3. c3 Nf6 4. d4 d6 5. Bb5 Bd7 6. O-O Be7 7. Re1 O-O 8. Ba4
a6 9. Nbd2 b5 10. Bc2 Re8 11. Nf1 Bf8 12. a4 h6 13. h3 Na5 14. b4 Nc4 15. Ne3
Nxe3 16. Bxe3 bxa4 17. dxe5 dxe5 18. Qb1 a5 19. b5 a3 20. c4 Bb4 21. Rd1 Qe7
22. Ba4 Bc3 23. Ra2 Bb2 24. Bc1 Bxc1 25. Qxc1 Nxe4 26. Nxe5 Qxe5 27. Rxd7 Nc5
28. f4 Qf6 29. Rxc7 Nxa4 30. Kh1 Nc3 31. Rxa3 Ne2 32. Qd2 Qb6 0-1

[Event "corr freechess"]
[Site "freechess.de"]
[Date "2013.02.22"]
[Round "?"]
[White "Bihlmaier, Karl"]
[Black "Becker, Werner"]
[Result "0-1"]
[WhiteElo "1308"]
[BlackElo "1495"]
[PlyCount "108"]
[EventDate "2013.??.??"]
[EventType "tourn (corr)"]
[SourceTitle "OM Corr 202003"]
[Source "Opening Master"]
[SourceDate "2019.05.30"]
[SourceVersion "2"]
[SourceVersionDate "2019.05.30"]
[SourceQuality "1"]

1. e4 e5 2. Nf3 Nc6 3. c3 Nf6 4. d3 Bc5 5. d4 exd4 6. cxd4 Bb4+ 7. Bd2 Bxd2+ 8.
Nbxd2 O-O 9. Qb3 a6 10. O-O-O d6 11. Kb1 Rb8 12. Bd3 d5 13. e5 Ng4 14. Rdf1 Be6
15. h3 Nh6 16. g4 Kh8 17. g5 Nf5 18. h4 Nfxd4 19. Nxd4 Nxd4 20. Qc3 Nf5 21. f4
Ng3 22. f5 Nxf1 23. Rxf1 Bd7 24. h5 b5 25. g6 fxg6 26. fxg6 Rxf1+ 27. Nxf1 h6
28. Ng3 c6 29. Nf5 b4 30. Qd4 Bxf5 31. Bxf5 a5 32. e6 Qg5 33. Qe5 Qg1+ 34. Kc2
Qc5+ 35. Kb1 Qg1+ 36. Kc2 Qc5+ 37. Kb1 Re8 38. Qc7 d4 39. Qf7 Rf8 40. Qd7 Qxf5+
41. Kc1 Qf4+ 42. Kc2 Qf2+ 43. Kb3 a4+ 44. Kxa4 Qc2+ 45. Kxb4 Qxb2+ 46. Kc5 Qc3+
47. Kd6 d3 48. e7 Qd4+ 49. Kxc6 Qxd7+ 50. Kxd7 Rg8 51. e8=Q Rxe8 52. Kxe8 d2
53. a4 d1=Q 54. a5 Qa4+ 0-1

[Event "SRB Central-ch op"]
[Site "Pozarevac"]
[Date "2013.02.21"]
[Round "5"]
[White "Ilic, Milenko"]
[Black "Kostic, Marko"]
[Result "0-1"]
[WhiteElo "1961"]
[BlackElo "1639"]
[PlyCount "77"]
[EventDate "2013.02.18"]
[EventType "swiss"]
[EventRounds "9"]
[EventCountry "SRB"]
[SourceTitle "CBM 153 Extra"]
[Source "ChessBase"]
[SourceDate "2013.04.22"]
[SourceVersion "1"]
[SourceVersionDate "2013.04.22"]
[SourceQuality "1"]

1. e4 e5 2. Nf3 Nc6 3. c3 Nf6 4. Qc2 Bc5 5. Bc4 O-O 6. b4 Bd6 7. d3 h6 8. h3 a6
9. Be3 b5 10. Bb3 a5 11. bxa5 Nxa5 12. Nbd2 c5 13. O-O Qc7 14. c4 b4 15. Rfe1
Be7 16. Nf1 d6 17. Qd2 Kh7 18. N3h2 Ng8 19. f4 exf4 20. Bxf4 f5 21. Ne3 fxe4
22. Nd5 Qc6 23. dxe4 Bf6 24. Rac1 Bd4+ 25. Kh1 Nf6 26. Nf3 Nxb3 27. axb3 Bc3
28. Qd3 Nxd5 29. exd5+ Bf5 30. Qxf5+ Rxf5 31. dxc6 Bxe1 32. Rxe1 Rxf4 33. Re7
Rff8 34. Nd2 Rfc8 35. c7 Ra7 36. Ne4 Rcxc7 37. Rxc7 Rxc7 38. Nxd6 Rc6 39. Ne4
0-1

[Event "Reykjavik op"]
[Site "Reykjavik"]
[Date "2013.02.20"]
[Round "3"]
[White "Danielsen, Henrik"]
[Black "Mihajlov, Sebastian"]
[Result "1-0"]
[WhiteElo "2507"]
[BlackElo "2059"]
[PlyCount "95"]
[EventDate "2013.02.19"]
[EventType "swiss"]
[EventRounds "10"]
[EventCountry "ISL"]
[SourceTitle "CBM 153 Extra"]
[Source "ChessBase"]
[SourceDate "2013.04.22"]
[SourceVersion "1"]
[SourceVersionDate "2013.04.22"]
[SourceQuality "1"]

1. e4 e5 2. Nf3 Nc6 3. c3 Nf6 4. d3 d5 5. Nbd2 Be7 6. Be2 h6 7. O-O O-O 8. b4
a6 9. a3 Be6 10. Re1 Re8 11. Bb2 dxe4 12. dxe4 Nd7 13. Qc2 f6 14. Rad1 Qc8 15.
Nh4 Bf8 16. Nc4 Ne7 17. Ne3 c5 18. Bh5 Rd8 19. Rd6 Nb8 20. Rxd8 Qxd8 21. Bg4
Bf7 22. Rd1 Qc7 23. Qd3 b5 24. Nhf5 Nxf5 25. Nd5 Qd6 26. Bxf5 Nc6 27. Bc1 Ne7
28. Nxe7+ Qxe7 29. Be3 Bb3 30. Bxc5 Qc7 31. Qd7 Qb8 32. Be6+ Bxe6 33. Qxe6+ Kh8
34. Rd7 Qe8 35. Qxe8 Rxe8 36. Kf1 Kg8 37. Ke2 Rc8 38. Bxf8 Kxf8 39. Kd3 Rc6 40.
h4 Kg8 41. h5 Kf8 42. g3 Kg8 43. f4 Kf8 44. Rd5 Re6 45. fxe5 fxe5 46. c4 bxc4+
47. Kxc4 Ke7 48. Kc5 1-0

[Event "ROM-ch"]
[Site "Baile Olanesti"]
[Date "2013.02.18"]
[Round "3"]
[White "Petrisor, Adrian Marian"]
[Black "Stegariu, Vlad Ionut"]
[Result "1/2-1/2"]
[WhiteElo "2392"]
[BlackElo "2201"]
[PlyCount "55"]
[EventDate "2013.02.16"]
[EventType "swiss"]
[EventRounds "11"]
[EventCountry "ROU"]
[SourceTitle "CBM 153 Extra"]
[Source "ChessBase"]
[SourceDate "2013.04.22"]
[SourceVersion "1"]
[SourceVersionDate "2013.04.22"]
[SourceQuality "1"]

1. e4 e5 2. Nf3 Nc6 3. c3 Nf6 4. d4 Nxe4 5. Bd3 d5 6. dxe5 Be7 7. O-O O-O 8. h3
f5 9. exf6 Bxf6 10. Bc2 Bf5 11. Bb3 Be6 12. Qe2 Qd7 13. Rd1 Qf7 14. Be3 Na5 15.
Bc2 Nc4 16. b3 Nxe3 17. Qxe3 c6 18. Bxe4 dxe4 19. Nd4 Rae8 20. Nxe6 Rxe6 21.
Nd2 Bg5 22. Qxg5 Qxf2+ 23. Kh1 Rg6 24. Nxe4 Rxg5 25. Nxf2 Rxf2 26. Rd8+ Kf7 27.
Rb8 Rgxg2 28. Rg1 1/2-1/2

[Event "Omsk-ch"]
[Site "Omsk"]
[Date "2013.02.17"]
[Round "9"]
[White "Adamson, Konstantin"]
[Black "Golovan, Igor"]
[Result "1/2-1/2"]
[WhiteElo "2214"]
[BlackElo "2111"]
[PlyCount "40"]
[EventDate "2013.02.09"]
[EventType "swiss"]
[EventRounds "9"]
[EventCountry "RUS"]
[SourceTitle "CBM 153 Extra"]
[Source "ChessBase"]
[SourceDate "2013.04.22"]
[SourceVersion "1"]
[SourceVersionDate "2013.04.22"]
[SourceQuality "1"]

1. e4 e5 2. Nf3 Nc6 3. c3 Nf6 4. d4 Nxe4 5. d5 Ne7 6. Nxe5 Ng6 7. Nxg6 hxg6 8.
Bd3 Nf6 9. Bg5 Be7 10. Bxf6 Bxf6 11. O-O O-O 12. Nd2 d6 13. Re1 Bf5 14. Bxf5
gxf5 15. Qa4 Re8 16. Nf3 a6 17. Qb4 b5 18. Qa5 Rxe1+ 19. Rxe1 c5 20. Qxd8+ Rxd8
1/2-1/2

[Event "CZE-chT 1213"]
[Site "Czechia"]
[Date "2013.02.16"]
[Round "5.6"]
[White "Neuman, Petr"]
[Black "Kociscak, Jiri"]
[Result "1-0"]
[WhiteElo "2471"]
[BlackElo "2422"]
[PlyCount "69"]
[EventDate "2012.11.03"]
[EventType "team-tourn"]
[EventRounds "11"]
[EventCountry "CZE"]
[SourceTitle "EXT 2014"]
[Source "ChessBase"]
[SourceDate "2013.11.20"]
[SourceVersion "1"]
[SourceVersionDate "2013.11.20"]
[SourceQuality "1"]
[WhiteTeam "Turnov"]
[BlackTeam "Ostrava Labortech"]
[WhiteTeamCountry "CZE"]
[BlackTeamCountry "CZE"]

1. e4 e5 2. Nf3 Nc6 3. c3 Nf6 4. d3 Be7 5. Be2 O-O 6. O-O Re8 7. b4 d6 8. Nbd2
Bf8 9. Re1 g6 10. Bf1 Bg7 11. Bb2 a5 12. b5 Nb8 13. d4 Nbd7 14. a4 b6 15. Bc4
Re7 16. Qb3 Bb7 17. Ba3 exd4 18. cxd4 Nxe4 19. Nxe4 Bxe4 20. Rxe4 Rxe4 21.
Bxf7+ Kh8 22. Bd5 Re7 23. Bxa8 Qxa8 24. Rc1 Nf6 25. h3 Nd5 26. Rc6 Qg8 27. Qc4
h6 28. Bc1 Qe6 29. Bd2 Qe4 30. Qc2 Qe6 31. Qd3 Kh7 32. Rc1 Qe4 33. Qxe4 Rxe4
34. Kf1 Bxd4 35. Rc4 1-0

[Event "97th GK tournament"]
[Site "http://gameknot.com/chess.pl?"]
[Date "2013.02.16"]
[Round "?"]
[White "sjonwiv"]
[Black "sperling"]
[Result "1-0"]
[WhiteElo "2212"]
[BlackElo "2105"]
[PlyCount "93"]
[EventDate "2013.??.??"]
[SourceTitle "OM Portal C 201906"]
[Source "Opening Master"]
[SourceDate "2019.06.27"]
[SourceVersion "1"]
[SourceVersionDate "2019.06.27"]
[SourceQuality "1"]

1. e4 e5 2. Nf3 Nc6 3. c3 d5 4. Qa4 f6 5. d3 Be6 6. Be3 Nh6 7. Nbd2 Ng4 8. exd5
Qxd5 9. d4 Bd7 10. Bc4 Qa5 11. Qxa5 Nxa5 12. dxe5 Nxe5 13. Nxe5 fxe5 14. Bd3
Be7 15. Nf3 Nc6 16. O-O-O Be6 17. b3 Bd5 18. Bg6+ hxg6 19. Rxd5 Bd6 20. h3 O-O
21. Ng5 Ne7 22. Rd3 Nf5 23. Ne4 Be7 24. Bc5 Rad8 25. Rxd8 Rxd8 26. Bxe7 Nxe7
27. Ng5 Rd6 28. Re1 Nc6 29. b4 b5 30. Kc2 Kf8 31. Ra1 Nb8 32. Ne4 Rb6 33. Nc5
a6 34. Re1 Rf6 35. f3 Rf5 36. Re3 Kf7 37. c4 bxc4 38. Kc3 Ke7 39. Kxc4 Rf4+ 40.
Re4 Rf5 41. h4 Kf7 42. a4 c6 43. Nb7 Ke6 44. Rg4 Rf4+ 45. Rxf4 exf4 46. Kc5 Ke7
47. Kb6 1-0

[Event "BI-2012-F-00022"]
[Site "Lechenicher SchachServer"]
[Date "2013.02.15"]
[Round "?"]
[White "Nyeste, Gyula"]
[Black "Jokmin, Guido"]
[Result "1-0"]
[WhiteElo "778"]
[BlackElo "697"]
[PlyCount "23"]
[EventDate "2013.02.20"]

1. e4 e5 2. Nf3 Nc6 3. c3 Nf6 4. Bb5 Nxe4 5. Bxc6 dxc6 6. Nxe5 Qf6 7. Nf3 Bc5
8. O-O O-O 9. d4 Rd8 10. Qe2 Re8 11. Bg5 Qd8 12. Bxd8 1-0

[Event "corr freechess"]
[Site "freechess.de"]
[Date "2013.02.15"]
[Round "?"]
[White "Gausmann, Josef"]
[Black "Herkenhoff, Kerstin"]
[Result "1-0"]
[WhiteElo "1800"]
[BlackElo "1951"]
[PlyCount "95"]
[EventDate "2013.??.??"]
[EventType "tourn (corr)"]
[SourceTitle "OM Corr 202003"]
[Source "Opening Master"]
[SourceDate "2019.05.30"]
[SourceVersion "2"]
[SourceVersionDate "2019.05.30"]
[SourceQuality "1"]

1. e4 e5 2. Nf3 Nc6 3. c3 d5 4. Bb5 Bg4 5. h3 Bh5 6. g4 dxe4 7. Nxe5 Qd6 8. Nc4
Qd5 9. Qe2 Be7 10. gxh5 a6 11. Bxc6+ bxc6 12. Rg1 g6 13. Rg4 Nf6 14. Ne3 Qd6
15. Rg5 h6 16. Ra5 Nxh5 17. Rxa6 Rxa6 18. Qxa6 Qe6 19. d3 Nf6 20. Nd2 Rh7 21.
b4 exd3 22. Qxd3 Kf8 23. a4 c5 24. b5 Qxh3 25. Ba3 Nh5 26. Ne4 Qh1+ 27. Qf1
Qxe4 28. Bb2 Ng3 29. Qg2 Qxg2 30. Nxg2 Nf5 31. a5 f6 32. a6 Bd8 33. a7 c4 34.
a8=Q Rd7 35. Nf4 Kf7 36. Ra7 Rd6 37. Nd5 Ng7 38. Nxc7 Kg8 39. Ba3 Rd3 40. Bb4
Kh8 41. b6 Kg8 42. b7 Kh8 43. b8=Q Kh7 44. Nd5 Rxd5 45. Qxd5 h5 46. Qbxd8 h4
47. Qxf6 h3 48. Qxg7# 1-0